[Event "RUS-chT Blitz Men 2018"]
[Site "Sochi"]
[Date "2018.10.10"]
[Round "7"]
[White "Rudakov, Sergey S."]
[Black "Dudin, Gleb"]
[Result "0-1"]
[WhiteElo "1733"]
[BlackElo "2178"]
[Annotator "TA"]
[PlyCount "93"]
[EventDate "2018.10.10"]
[EventType "swiss"]
[EventCountry "RUS"]
[SourceTitle "playchess.com"]
[Source "ChessBase"]
[SourceQuality "1"]

{[%evp 9,93,0,0,-11,20,-31,0,-13,-6,-8,-8,-12,-23,-166,-129,-155,-123,-159,-160,-158,-107,-113,-78,-104,-108,-132,-86,-179,-168,-206,-195,-344,-223,-239,-204,-202,-180,-186,-153,-171,-146,-169,-168,-327,-266,-307,-311,-299,-302,-469,-466,-460,-184,-239,-217,-204,-212,-225,-220,-233,-205,-221,-219,-253,-219,-222,-179,-377,-193,-427,0,-275,-218,-211,-214,-428,-435,-607,-250,-522,-526,-486,-447,-494,-371,-2067]} 1. e4 d6 2. d4 Nf6 3. Nc3 Nbd7 4. Nf3 e5 5. dxe5 dxe5 {LiveBook: 52 Games} 6. h3 {C41: Philidor Defence} Be7 7. Be3 ({White should play} 7. Bc4 $11) (7. Bd3 c6 8. O-O Qc7 9. Nd2 Nc5 10. Nb3 Nxd3 11. cxd3 Be6 12. Be3 O-O {1-0 (47) Bayramov,E (2254)-Beradze,I (2467) Cubuk 2017}) 7... O-O 8. Qd2 {The position is equal.} c6 9. Bd3 Qc7 10. Ne2 $146 ({Predecessor:} 10. O-O b5 11. a3 Nc5 12. b4 Ne6 13. Ne2 Rd8 14. Qc3 Bd6 {0-1 (33) Schmidt,F (1857)-Willems,M (2053) Frankfurt 2011}) 10... Nc5 11. O-O (11. Ng3 $11 {and White is okay.}) 11... Ncxe4 12. Qc1 Nc5 {...e4 is the strong threat.} 13. Bxc5 Bxc5 14. Ng3 Bd7 (14... Nd5 $142 {White must now prevent ...f5.} 15. Re1 f6) 15. Qg5 $17 Bd6 16. Rae1 h6 17. Qd2 Rfe8 18. Bf5 (18. c4 $17) 18... Rad8 $19 {aiming for ...Bxf5.} 19. Bxd7 Rxd7 (19... Nxd7 20. Ne4 $17) 20. Nf5 (20. Ne4 $142 Nxe4 21. Rxe4) 20... Bf8 21. Qc3 Nd5 22. Qb3 g6 23. Ne3 Nxe3 24. Qxe3 Bg7 25. Rd1 e4 {[%cal Be5e4,Be4e3][%mdl 32]} 26. Nd2 $2 (26. c3) 26... Bd4 ({Less strong is} 26... Bxb2 27. Nxe4 Kg7 28. Qf3 $17) 27. Qe2 e3 ({But not} 27... Bxb2 28. Nxe4 Rde7 29. f3 $19) 28. Kh1 Rde7 ({Don't do} 28... Bxb2 29. Nc4 $19) 29. Nf3 (29. fxe3 $142 Rxe3 30. Qg4 Bxb2 31. Nf3) 29... exf2 30. Qd2 Bg7 (30... Be3 $142 31. Qb4 Re4) 31. Qxf2 (31. Rxf2 {was worth a try.} Bf8 32. Ng1) 31... Bxb2 32. Qxa7 Bg7 33. Qc5 Re4 34. Rd2 b6 35. Qf2 c5 36. Rfd1 R4e7 37. Rd6 Ra8 {And now ...Bd4 would win.} 38. c4 $2 {[#]} (38. Qd2) 38... Rae8 (38... Bd4 $142 $1 {[%mdl 512]} 39. R1xd4 (39. Nxd4 Qxd6) 39... cxd4 40. Qxd4 Kh7) 39. R1d2 $2 {[#]} (39. Qf1 {might work better.}) 39... Ra8 $2 (39... Bd4 $1 $19 {[%mdl 512]} 40. Qg3 (40. Nxd4 Re1+) 40... Rd7 41. Rxg6+ fxg6 42. Qxg6+ Kf8 43. Qxh6+ Rg7 44. Qh8+ Rg8 45. Qh6+ Bg7) 40. h4 $2 {[%mdl 8192]} (40. Rd1 $1 $11) 40... Rb8 41. Qg3 Rbe8 42. h5 $2 (42. Kh2 {keeps fighting.}) 42... g5 43. Qg4 {[#]} Re6 (43... Bd4 $142 $1 {[%mdl 512]} 44. Qg3 (44. Nxd4 Re1+) 44... Rd7 45. Nxd4 Qxd6 46. Qxd6 Rxd6) 44. Rd7 $2 {[#]} (44. Rxe6 Rxe6 45. Rd1) 44... Re1+ $1 {[%mdl 512]} 45. Ng1 (45. Nxe1 Rxe1#) 45... Qe5 {( -> ...Qe3)} 46. Qf3 f5 47. Rf2 $2 {Precision: White = 16%, Black = 39%.} (47. Rd8) 0-1

[Event "RUS-chT Blitz Men 2018"]
[Site "Sochi"]
[Date "2018.10.10"]
[Round "8"]
[White "Kamsky, Gata"]
[Black "Jary, Sergey"]
[Result "1/2-1/2"]
[WhiteElo "2666"]
[BlackElo "2286"]
[Annotator "TA"]
[PlyCount "117"]
[EventDate "2018.10.10"]
[EventType "swiss"]
[EventCountry "RUS"]
[SourceTitle "playchess.com"]
[Source "ChessBase"]
[SourceQuality "1"]

{[%evp 15,117,-1,16,7,31,25,34,22,47,54,103,114,108,107,195,200,643,645,29996,368,363,328,515,262,525,520,640,642,774,406,425,378,745,491,502,514,474,454,413,42,77,66,256,248,270,262,266,252,245,250,322,286,288,294,301,292,320,319,340,278,388,409,414,391,411,418,414,293,412,404,413,413,412,402,396,408,401,258,393,269,464,279,341,318,327,325,293,305,402,389,678,318,324,15,13,13,13,11,12,10,13,16,213,0]} 1. d4 Nf6 2. Nf3 e6 3. Bf4 d5 4. Nbd2 Bd6 5. Bg3 c5 6. e3 Nc6 7. c3 O-O 8. Bd3 Qe7 9. Ne5 {D02: 1 d4 d5 2 Nf3 sidelines, including 2...Nf6 3 g3 and 2...Nf6 3 Bf4} Bd7 (9... Nd7 10. Nxd7 Qxd7 11. O-O b6 12. Bxd6 Qxd6 13. f4 f5 14. Nf3 c4 15. Bc2 b5 16. a3 a5 17. g4 Bd7 {½-½ (69) Grischuk,A (2781)-Hammer,J (2677) Stavanger 2015}) 10. O-O Be8 11. a3 $146 {White is slightly better.} (11. Rc1 {seems wilder.} c4 12. Bc2 Nd7 13. Nxc6 bxc6 14. Bxd6 Qxd6 15. b3) ({Predecessor:} 11. Qb1 h6 12. Ndf3 c4 13. Bc2 b5 14. a3 a5 15. Bh4 Qc7 16. Bxf6 gxf6 {1-0 (61) Mikhalchenko,P (2320)-Grigorian,M (2141) Krasnoyarsk 2017}) 11... Nd7 12. Nxd7 Bxd7 13. Bxd6 Qxd6 14. dxc5 Qxc5 {[#]} (14... Qe7 $16) 15. Bxh7+ $1 $40 {[%mdl 640] White has strong attack.} Kh8 $2 (15... Kxh7 16. Qh5+ Kg8) 16. Qh5 g6 17. Bxg6+ $2 (17. Qh6 {mates} Rfe8 18. Bxg6+ Kg8 19. Qh7+ Kf8 20. Qxf7#) 17... Kg7 18. Bd3 {Intending Qg5+ and mate.} Rh8 (18... f5 $142 19. Qg5+ Kh7) 19. Qg5+ Kf8 {[#]} 20. Ne4 $1 {[%mdl 512]} Qe7 (20... dxe4 21. Qxc5+) 21. Nf6 e5 22. h4 e4 23. Be2 Be6 $2 (23... Rd8 24. Rad1 Bc8 25. Rxd5 Rxd5 26. Nxd5 Qxg5 27. hxg5 Bf5) 24. Rad1 Rd8 25. h5 Qc7 26. h6 Qe5 27. Qg7+ $2 (27. f4 $18 {and White stays clearly on top.} Qxg5 28. fxg5) 27... Ke7 $16 28. Nh5 Qxg7 $2 (28... Rdg8 $14 29. Qxe5 Nxe5) 29. hxg7 $18 Rhg8 30. f4 f5 31. Kf2 Bf7 32. Rh1 Rd6 33. Rh3 Rg6 34. Rg3 Rxg3 35. Nxg3 Be6 36. Nh5 Bf7 37. Rh1 Nd8 38. Ng3 Be6 39. Rh5 Kf6 40. Rg5 Nf7 41. Nh5+ Ke7 42. Rg6 Nd6 43. g4 Bf7 44. Rg5 fxg4 45. Bxg4 Ne8 46. Ng3 Kf6 (46... Nxg7 {was necessary.} 47. c4 Ne8 48. cxd5 Rxg5 49. fxg5 Bxd5 50. Nf5+ Ke6 51. Ng7+ Ke7) 47. Nf5 Be6 $2 (47... Nxg7 {was worth a try.} 48. Nd6 Rd8) 48. Nh6 Rxg7 49. Bxe6 Rxg5 50. fxg5+ Kxe6 {[%mdl 4096] Endgame KN-KN} 51. Kg3 Ng7 52. Kf4 Nh5+ 53. Kg4 Ng7 54. g6 $2 (54. a4 $18) 54... Kf6 $11 55. Ng8+ Kxg6 56. Ne7+ Kf6 57. Nxd5+ Ke5 58. c4 b6 $2 {[#]} (58... Ne6 $11) 59. b4 $2 {Precision: White = 58%, Black = 38%.} (59. Ne7 $1 $18) 1/2-1/2

[Event "RUS-chT Blitz Men 2018"]
[Site "Sochi"]
[Date "2018.10.10"]
[Round "8"]
[White "Malakhov, Vladimir"]
[Black "Savitskiy, Sergey"]
[Result "1-0"]
[WhiteElo "2661"]
[BlackElo "2413"]
[Annotator "TA"]
[PlyCount "129"]
[EventDate "2018.10.10"]
[EventType "swiss"]
[EventCountry "RUS"]
[SourceTitle "playchess.com"]
[Source "ChessBase"]
[SourceQuality "1"]

{[%evp 14,129,6,3,0,0,18,9,16,18,20,22,30,28,34,27,18,12,28,0,59,51,57,41,52,4,0,17,20,24,23,25,25,0,0,0,6,19,43,28,47,15,13,4,12,8,7,0,0,0,9,0,0,0,81,0,0,-359,0,-287,113,113,268,260,268,228,217,227,535,524,493,458,453,447,406,429,412,268,322,260,253,0,253,240,711,653,621,327,310,0,240,191,434,240,239,239,408,408,389,232,191,191,191,0,670,8,652,627,785,1290,1407,1096,1897,1987,29985,29986,29986,29986]} 1. Nf3 Nf6 2. c4 g6 3. b3 Bg7 4. Bb2 O-O 5. g3 d6 6. Bg2 e5 7. O-O Re8 8. d3 {LiveBook: 38 Partien} a5 {A15: Englisch gegen Königs-Fianchetto} (8... Nbd7 9. Nbd2 c6 10. Ne4 Nxe4 11. dxe4 Nc5 12. Qc2 f5 13. Nd2 f4 14. Rad1 Qe7 15. b4 Ne6 16. Nf3 c5 17. bxc5 Nxc5 18. Rd2 Bd7 19. Ba3 Bc6 20. Bxc5 dxc5 {½-½ (37) Caruana,F (2799)-Grischuk,A (2782) Saint Louis 2017}) 9. Nc3 Nc6 $146 ({Vorgänger:} 9... c6 10. Rc1 Na6 11. a3 Nc5 12. b4 axb4 13. axb4 Qb6 14. bxc5 Qxb2 15. Na4 Qb4 16. Nb6 {½-½ (27) Bricard,E (2485)-Santo Roman,M (2455) Strasbourg 1992}) 10. e3 Bg4 {Die Stellung ist ausgeglichen.} 11. h3 Bd7 12. d4 exd4 13. Nxd4 (13. exd4 {with more complications.} Qc8 14. Kh2 Bf5 15. g4 Be4 16. d5) 13... Qc8 14. Nxc6 bxc6 15. Kh2 Rb8 16. Qd2 Qa6 (16... c5 $11) 17. c5 $14 d5 18. Ne2 a4 19. Nd4 Ne4 20. Bxe4 Rxe4 21. Bc3 axb3 22. axb3 Qc8 23. f3 Re8 24. h4 Qb7 25. b4 Ra8 26. Nc2 f6 27. Bd4 Rxa1 28. Rxa1 Ra8 29. Rxa8+ Qxa8 30. Qc3 Kf7 31. g4 Qa2 32. Kg3 h5 33. g5 {[%cal Rd4f6]} Bf5 (33... Qb1 $11 34. Kg2 Bh3+ $1 {[%mdl 512]} 35. Kxh3 Qh1+ 36. Kg3 Qg1+ 37. Kh3 Qh1+ 38. Kg3 Qg1+ 39. Kh3 Qh1+) 34. gxf6 (34. e4 $16 dxe4 35. Bxf6 exf3 36. Ne3 (36. Bxg7 Qxc2 37. Qf6+ Ke8 $11)) 34... Bh6 $11 35. Ne1 $2 {[%mdl 8192]} (35. e4 $1 $11 dxe4 36. Be3 Bxe3 37. Nxe3) 35... g5 $2 (35... Qe2 $19 36. Ng2 g5 37. hxg5 Bxg5) 36. Ng2 $2 {[%mdl 8192]} (36. Qb2 $1 $11 Qxb2 37. Bxb2) 36... g4 $2 {[#]} ({Besser ist} 36... Qe2 $19 {...g4 ist eine echte Drohung.} 37. hxg5 Bxg5) 37. fxg4 $1 $16 Be4 $2 (37... hxg4 $16 {ist wohl besser.} 38. Qb2 Qc4) 38. Qb2 $18 Qxb2 39. Bxb2 hxg4 {[%mdl 4096] Endspiel KLL-KLS} 40. Nf4 Bf3 $2 (40... Bf5 {leistet mehr Widerstand.} 41. Be5 Bd7) 41. Bd4 Bf8 42. Nd3 Be2 43. Nf2 Ke6 {Schwarz hofft, mit ...Kf5 fortzusetzen.} 44. Nxg4 Kf5 45. Nf2 Bh5 46. Nh3 Bh6 47. Nf2 Bf8 $1 48. Nd3 Ke4 $2 (48... Bh6 49. Kf2 Ke4) 49. Ne5 Bh6 50. Ng4 Bf8 51. Nf2+ Kf5 52. Kg2 Be2 $2 (52... Bh6 53. Kg3 Be2) 53. Kh3 (53. Nh3 $142) 53... Bh6 54. Kg3 Bf8 $2 (54... Bh5 55. Nh3 Ke4) 55. Nh3 Bh6 56. Ng1 (56. f7 $142) 56... Bg4 57. Nf3 {Schwarz muss nun Se5 beachten.} Bh5 58. Ne5 $2 (58. Kf2) 58... Ke4 $1 59. Kf2 $2 (59. Nxc6 $18 Be8 60. Nd8) 59... Bf8 $2 {[%mdl 8192]} (59... Bxe3+ $11 60. Bxe3 Kxe5) 60. Nxc6 Be8 61. Nd8 Bd7 62. h5 {[%cal Bh4h5,Bh5h6][%mdl 32]} c6 63. Nf7 Kf5 64. h6 Kg6 65. Ne5+ {Precision: Weiß = 48%, Schwarz = 32%.} 1-0

[Event "RUS-chT Blitz Men 2018"]
[Site "Sochi"]
[Date "2018.10.10"]
[Round "8"]
[White "Morozevich, Alexander"]
[Black "Maletin, Pavel"]
[Result "1-0"]
[WhiteElo "2656"]
[BlackElo "2586"]
[Annotator "TA"]
[PlyCount "107"]
[EventDate "2018.10.10"]
[EventType "swiss"]
[EventCountry "RUS"]
[SourceTitle "playchess.com"]
[Source "ChessBase"]
[SourceQuality "1"]

{[%evp 18,107,33,21,78,39,62,52,38,53,74,70,88,85,76,86,88,104,80,53,62,64,115,118,133,132,135,110,116,116,112,127,115,104,150,151,181,183,173,187,262,256,252,247,301,263,353,358,326,334,404,395,397,396,344,324,328,317,394,390,431,395,620,276,581,582,1050,950,924,924,988,867,924,924,895,465,460,454,449,423,731,697,1394,1387,2181,1929,4137,4137,29989,3733,29991,29992]} 1. e4 e5 2. Nf3 Nc6 3. Bb5 g6 4. c3 a6 5. Ba4 d6 6. d4 Bd7 7. O-O Bg7 8. h3 Nf6 9. Re1 O-O 10. Nbd2 h6 {C60: Ruy Lopez: Unusual Black 3rd moves and 3...g6} (10... Re8 $11 {keeps the balance.}) 11. Nf1 (11. Bxc6 $5 Bxc6 12. dxe5 $14) 11... Qe7 (11... Re8 12. Ng3 b5 13. Bc2 exd4 14. cxd4 Nb4 15. Bb1 c5 16. d5 a5 17. a3 Na6 18. Bf4 {1-0 (57) Ivanchuk,V (2726)-Mamedyarov,S (2799) Huaian 2017}) 12. Ng3 b5 $146 {White is slightly better.} ({Predecessor:} 12... Nd8 13. Bc2 c5 14. d5 b5 15. a4 Nb7 16. Be3 c4 17. Qd2 Kh7 {½-½ (35) Lanz Calavia,J (2459)-Kuhn,H (2370) ICCF corr 1999}) 13. Bc2 Kh8 14. Be3 Ng8 15. a4 exd4 16. cxd4 Nb4 17. Bb1 bxa4 18. Qd2 a5 19. Ne2 {[%mdl 1024] White has compensation.} d5 (19... Qd8 $14) 20. e5 $16 Ra6 21. Nc3 Qe8 22. Bc2 Nxc2 23. Qxc2 Ne7 24. Nxa4 Bxa4 25. Rxa4 Nf5 26. Bd2 Qb5 27. Rea1 Rfa8 28. Qxc7 {aiming for b4.} R6a7 (28... Qxb2 {is a better defense.} 29. Qxf7 Nxd4) 29. Qc5 Qxb2 30. Qxd5 Kg8 31. Rxa5 Qxa1+ 32. Rxa1 Rxa1+ 33. Kh2 R1a2 34. g4 Ne7 35. Qd7 R2a7 36. Qb5 Rd8 37. Ba5 Rda8 38. Bb4 Bf8 39. Kg3 Ra2 {[#]} (39... Kh7 $142 40. Qc4 Kg8) 40. d5 (40. e6 $142 $1 {[%mdl 512]}) 40... Rb2 $2 (40... Nxd5 {is tougher.} 41. Qxd5 (41. Bxf8 R2a5 $18) 41... Bxb4) 41. d6 $18 Nc8 42. Qc6 Rb8 43. Bc5 Rc2 44. Nd4 Rc3+ 45. f3 {[%cal Bf2f3,Bf3f4,Bf4e5][%mdl 32]} Na7 46. Bxa7 Rxc6 47. Nxc6 {[%mdl 4096] Endgame KRB-KBN} ({Less strong is} 47. Bxb8 Rc4 $16) 47... Rb7 48. f4 f6 (48... g5 $142 49. Bc5 gxf4+ 50. Kxf4 Kg7) 49. Kf3 fxe5 50. fxe5 Rd7 51. Bc5 Kf7 52. Ke4 Rb7 53. Kd5 (53. Nd8+ $142 Ke8 54. Nxb7 h5 55. Kd5 g5 56. gxh5 Bxd6 57. exd6 g4 58. hxg4) 53... Bg7 54. Nd8+ {Precision: White = 72%, Black = 20%.} 1-0

[Event "RUS-chT Blitz Men 2018"]
[Site "Sochi"]
[Date "2018.10.10"]
[Round "8"]
[White "Paravyan, David"]
[Black "Alekseenko, Kirill"]
[Result "1-0"]
[WhiteElo "2629"]
[BlackElo "2639"]
[Annotator "TA"]
[PlyCount "173"]
[EventDate "2018.10.10"]
[EventType "swiss"]
[EventCountry "RUS"]
[SourceTitle "playchess.com"]
[Source "ChessBase"]
[SourceQuality "1"]

{[%evp 15,173,-14,-30,-75,-41,-76,-73,-66,-79,-74,-70,-132,-113,-145,-122,-231,-228,-237,53,35,45,20,0,-29,0,0,0,0,0,0,0,-15,0,0,0,0,0,0,0,-16,-6,-33,0,0,0,-40,-63,-69,-62,-59,-65,-58,-85,-51,-60,-106,0,0,29,30,28,28,31,26,29,29,117,3,2,0,114,106,111,109,898,281,381,72,72,69,70,69,848,820,4184,4184,4184,4184,4184,4184,4184,4184,4184,4184,4184,4184,4184,4184,4184,4177,4184,4184,4177,4184,4170,4162,4155,4155,4148,4141,4141,4141,4141,4141,4141,3716,1542,1483,2552,2608,1813,1375,1634,1471,1128,1011,531,470,29947,4141,8730,4141,4141,4141,29964,4141,29961,29960,29966,6251,4231,4141,4141,4141,29977,4137,4137,4137,29968,29970,29991,29970,29970,29971,29976,29977,29976,29972,29971,29969]} 1. d4 d5 2. Nf3 Nf6 3. g3 g6 4. Bg2 Bg7 5. O-O O-O 6. c3 Nbd7 7. c4 $146 {D02: 1 d4 d5 2 Nf3 sidelines, including 2...Nf6 3 g3 and 2...Nf6 3 Bf4} ({Predecessor:} 7. Bf4 c6 8. Qc1 Re8 9. c4 dxc4 10. Qxc4 Nb6 11. Qc1 Bg4 12. Rd1 Qc8 13. Nc3 Nfd5 14. Bh6 Nxc3 15. bxc3 Nc4 {½-½ (34) Malakhov,V (2686)-Vitiugov,N (2722) St Petersburg 2017}) 7... dxc4 8. Na3 Nb6 {LiveBook: 28 Games} 9. h3 {Black has an edge.} c6 10. Ne5 Be6 11. e4 Qc8 12. Kh2 Rd8 13. Re1 {[#]} (13. f4 $15) 13... Nfd7 $1 $17 {[%cal Rd7e5,Bf6d7,Bd7c5,Bc5e4][%mdl 32]} 14. Nf3 {[#]} Nc5 $1 {[%mdl 512]} 15. Be3 (15. Re2 $17 {keeps fighting.}) (15. dxc5 Rxd1) 15... Nxe4 $19 16. Qc2 Bf5 $2 (16... Nd6 $19 17. Rac1 Nd5) 17. g4 $1 $14 {[#]} Bxg4 $1 18. hxg4 Qxg4 19. Ne5 Bxe5+ 20. dxe5 Ng5 21. Qe2 Qh4+ 22. Kg1 Nh3+ 23. Kf1 (23. Bxh3 $5 Qxh3 24. Nxc4 $11) 23... Nf4 24. Bxf4 Qxf4 25. Rad1 h5 26. Qe4 Qxe4 27. Bxe4 Kg7 28. Ke2 f6 29. f4 fxe5 30. Rg1 Rxd1 31. Rxg6+ Kf7 32. Kxd1 Rd8+ 33. Ke2 Rd4 34. Bc2 exf4 35. Rh6 e5 (35... Rd5 $17 {Hoping for ...Ra5.} 36. Be4 Ra5 37. Rh7+ Kf6) 36. Rxh5 $11 e4 {White must now prevent ...Nd5.} 37. Rf5+ $1 Ke6 38. Rxf4 Ke5 39. Rf7 Nd5 40. Rxb7 {Strongly threatening b3.} Nf4+ (40... c3 $11 {keeps the balance.}) 41. Ke3 (41. Ke1 $16) 41... Nd5+ 42. Ke2 (42. Kf2 $11) 42... Nf4+ $16 43. Ke1 Ng2+ 44. Kf1 Rd2 $2 {[%mdl 8192]} (44... Ne3+ $16 45. Ke2 Nd5) 45. Re7+ $2 (45. Nxc4+ Kd5 46. Nxd2 Ne3+ 47. Ke2 Nxc2 48. Rxa7) 45... Kf4 {intending ...e3.} 46. Bxe4 $2 (46. Rxe4+ $18 {is the precise move to win.} Kf3 47. Re7) 46... Ne3+ 47. Ke1 Rxb2 48. Bxc6 c3 $2 {[%mdl 8192]} (48... Rxa2 $14 49. Re4+ Kf3 50. Re7+ (50. Rxc4+ Kg3 $11) 50... Kf4) 49. Re4+ $18 Kf3 50. Rb4+ Kg3 51. Rxb2 cxb2 52. Be4 Kf4 53. Bb1 Ke5 54. Kd2 Nd5 55. Kc2 Kd4 56. Kxb2 Kc5 57. Kb3 Ne3 58. Be4 Ng4 59. Nc2 Nf6 60. Bf3 Nd7 61. Kc3 Nb6 62. Be2 Nd5+ 63. Kb3 Nf4 64. Bf1 Ne6 65. Bc4 Ng5 66. Bd3 Ne6 67. Kc3 Nc7 68. Nb4 Kb6 69. Kc4 Ne6 70. Bf5 Nd8 71. Nd5+ Kb7 (71... Ka5 $18 72. Bd7 Nb7) 72. Kc5 Nf7 73. Be4 Kb8 74. Nb4 Ng5 75. Na6+ Kc8 76. Bc6 Nf7 77. a4 (77. Bd5 $142 Ne5 78. Nb4 Kc7 79. Nc6 Nd7+ 80. Kb5 Nb6 81. Bf3 Kb7 82. Nd4+ Kc7 83. a4) 77... Ne5 78. Bb5 Kb7 79. Nb4 Ng6 80. Bc6+ (80. a5 $142 Ne5 81. Kd6 Nf7+ 82. Ke6 Ng5+ 83. Kd7 Kb8 84. Bc6 a6 85. Nxa6+ Ka7 86. Nb4) 80... Kc7 81. Nd5+ Kb8 82. Kd6 {White mates.} Nh4 83. Ne3 Ng6 84. Ng2 Kc8 85. Be4 Nh8 86. Ke7 Kc7 87. Kf6 {Precision: White = 59%, Black = 39%.} 1-0

[Event "RUS-chT Blitz Men 2018"]
[Site "Sochi"]
[Date "2018.10.10"]
[Round "8"]
[White "Ponkratov, Pavel"]
[Black "Rakhmanov, Aleksandr"]
[Result "1-0"]
[WhiteElo "2628"]
[BlackElo "2634"]
[Annotator "TA"]
[PlyCount "97"]
[EventDate "2018.10.10"]
[EventType "swiss"]
[EventCountry "RUS"]
[SourceTitle "playchess.com"]
[Source "ChessBase"]
[SourceQuality "1"]

{[%evp 9,97,32,45,21,31,-2,-24,-39,-52,-42,35,0,-4,-2,70,69,66,57,116,102,131,62,119,87,99,91,98,14,25,0,10,0,24,0,0,0,0,0,0,0,0,0,0,0,0,0,0,0,96,96,97,96,96,87,96,97,116,106,129,96,114,107,114,73,120,114,143,139,250,255,240,245,350,306,349,347,6327,3561,6648,6532,6307,5722,2979,3191,29973,29977,29977,29978,29971,29972]} 1. e4 d5 2. exd5 Qxd5 3. d4 g6 4. Nf3 Bg7 5. c4 (5. Be2 Nf6 6. O-O O-O 7. c4 Qd8 8. Nc3 Bg4 9. h3 Bxf3 10. Bxf3 Nc6 11. Be3 Ne8 12. d5 Ne5 13. c5 b6 14. Be2 bxc5 15. Bxc5 Nd6 16. Rc1 {½-½ (51) Matlakov,M (2738)-Artemiev,V (2696) Moscow 2017}) 5... Qd8 6. h3 {B01: Scandinavian Defence} Nh6 7. g4 $146 ({Predecessor:} 7. Be2 Nf5 8. d5 c6 9. O-O cxd5 10. cxd5 Nd7 11. Nc3 O-O 12. Qb3 Nc5 {1-0 (40) Sielecki,C (2435)-Kovchan,A (2583) Germany 2016}) 7... f5 8. g5 {Black has an edge.} Nf7 9. Nc3 e5 ({Better is} 9... c5 $15 10. d5 (10. dxc5 Qxd1+ 11. Kxd1 Na6 $11) 10... e5) 10. dxe5 (10. Nxe5 {with more complications.} Nxe5 11. dxe5 Qxd1+ 12. Kxd1 Be6 13. f4) 10... Qxd1+ 11. Kxd1 Nxe5 (11... Bd7 $11) 12. Nxe5 $14 Bxe5 13. Bg2 $1 {[#] Threatens to win with Re1.} Bxc3 (13... Kd8 $14) 14. bxc3 $16 c6 15. Bf4 ({White should play} 15. Kc2 $16) 15... Kf7 (15... Be6 $14) 16. Kc2 Nd7 17. Bd6 {Black must now prevent Rae1.} Nb6 18. c5 (18. Rhe1 $16 Be6 19. c5) 18... Nc4 $11 19. Bf4 Be6 (19... Re8 $5 {[%cal Re8e2]} 20. Bf3 Be6 $11) 20. Rad1 Rhd8 21. Rd4 Na3+ 22. Kb2 Nc4+ 23. Kc1 Rxd4 24. cxd4 Bd5 25. Bxd5+ cxd5 {[%mdl 4096] Endgame KRB-KRN} 26. Kc2 Re8 {aiming for ...Re2+.} 27. Kd3 Re4 28. Bb8 a6 (28... Nb2+ $11 29. Kc3 Na4+ 30. Kd3 Nb2+ 31. Kc3 Na4+ 32. Kd3 Nb2+) 29. Rb1 $16 Re7 30. Bd6 Rd7 31. Bf4 Na5 32. h4 Nc6 33. f3 Ke8 34. a4 Kf7 35. Bd6 Nd8 36. Rh1 Kg8 37. Be5 Nc6 38. h5 Ne7 (38... Kf7 $16 39. f4 Na5) 39. hxg6 $18 Nxg6 40. f4 Re7 (40... Ne7 {was worth a try.} 41. Rh6 Ng6) 41. Rb1 Rd7 42. Rb6 Ne7 $2 {[#]} (42... a5 43. Ke3 Kf7) 43. Rd6 Rxd6 44. cxd6 {KB-KN} Nc6 45. d7 Kf7 46. Bf6 b5 47. axb5 {White mates.} axb5 48. d8=Q Nxd8 49. Bxd8 {Precision: White = 51%, Black = 29%.} 1-0

[Event "RUS-chT Blitz Men 2018"]
[Site "Sochi"]
[Date "2018.10.10"]
[Round "8"]
[White "Grachev, Boris"]
[Black "Sergeyev, Alexander"]
[Result "1-0"]
[WhiteElo "2626"]
[BlackElo "2397"]
[Annotator "TA"]
[PlyCount "51"]
[EventDate "2018.10.10"]
[EventType "swiss"]
[EventCountry "RUS"]
[SourceTitle "playchess.com"]
[Source "ChessBase"]
[SourceQuality "1"]

{[%evp 11,51,28,28,26,31,18,43,31,66,61,99,60,60,56,61,59,69,54,85,49,65,61,55,42,119,115,286,289,293,301,600,377,1880,1884,1844,1794,1719,1691,1679,1643,29989,29990]} 1. d4 d5 2. Bf4 c5 3. e3 Nc6 4. c3 e6 5. Nf3 Bd7 6. Nbd2 Nf6 7. h3 {D02: 1 d4 d5 2 Nf3 sidelines, including 2...Nf6 3 g3 and 2...Nf6 3 Bf4} (7. Bd3 c4 8. Bc2 b5 9. Ne5 Nxe5 10. dxe5 Ng8 11. e4 Bc5 12. exd5 exd5 13. O-O Ne7 14. Qh5 Qb6 {1-0 (36) Lorenzo de la Riva,L (2396)-Serrat Rifa,E (2154) Barcelona 2018}) 7... Be7 8. Bd3 a6 9. O-O {White is slightly better.} cxd4 10. exd4 b5 11. a3 Na5 $146 ({Predecessor:} 11... O-O 12. Re1 Qb6 13. Qe2 Na5 14. Ne5 Nc4 {1-0 (28) Fedotov,S (2134)-Gorshechnikov,A (1773) Tambov 2015}) 12. Ne5 Nc4 13. Rb1 a5 14. Ndf3 Rc8 15. Qe2 O-O 16. Rfe1 $36 {[%mdl 2048] White has good play.} Qb6 17. Bg5 Qb7 ({Black should try} 17... Be8 $14) 18. Ng4 $16 {[%cal Be5g4,Bg4h6,Bh6f7,Bf7h8][%mdl 32]} b4 $2 (18... Kh8 $16) 19. axb4 $18 axb4 20. Nfe5 Bb5 $2 (20... Nxg4 21. Bxe7 Ngxe5) 21. Bxf6 {[#] aiming for Nh6+!} gxf6 $2 (21... Nxe5 22. Bxe5 Bxd3 23. Qxd3 Ra8) 22. Nh6+ Kh8 23. Nexf7+ Rxf7 24. Nxf7+ Kg7 25. Qh5 Rh8 26. Nxh8 {Precision: White = 61%, Black = 20%.} 1-0